Object-oriented analysis and design with applications / (رقم التسجيلة. 30450)

تفاصيل مارك
000 -الفاتح
حقل البيانات ثابتة الطول 01167cam a2200313 a 4500
001 - رقم الضبط
رقم الضبط 14707331
003 - محدد رقم الضبط
رقم الضبط OSt
005 - وقت وتاريخ اخر تعامل مع التسجيلة
رقم الضبط 20150408114137.0
008 - عناصر البيانات ثابتة الطول - معلومات عامة
حقل البيانات ثابتة الطول 070123s2007 njua b 001 0 eng
010 ## - رقم ضبط مكتبة الكونجرس
رقم ضبط مكتبة الكونجرس 2007002589
020 ## - الرقم الدولى المعيارى للكتب
الرقم الدولى المعيارى للكتاب 020189551X (hardback : alk. paper)
020 ## - الرقم الدولى المعيارى للكتب
الرقم الدولى المعيارى للكتاب 9780201895513 (hardback : alk. paper)
035 ## - رقم ضبط النظام
رقم ضبط النظام (OCoLC)ocm80020116
035 ## - رقم ضبط النظام
رقم ضبط النظام (OCoLC)80020116
040 ## - مصدر الفهرسة
وكالة الفهرسة الأصلية Ma-Un
050 00 - رقم طلب مكتبة الكونجرس
رقم التصنيف QA76.64
رقم المادة .B66 2007
082 00 - رقم تصنيف ديوى العشرى
رقم التصنيف 005.117
رقم الطبعة 22
245 00 - بيان العنوان
العنوان Object-oriented analysis and design with applications /
بيان المسئوليه,etc Grady Booch ... [et al.].
250 ## - بيان الطبعة
بيان الطبعة 3rd ed.
260 ## - PUBLICATION, DISTRIBUTION, ETC. (IMPRINT)
مكان الناشر او الموزع Upper Saddle River, NJ :
اسم الناشر او الموزع Addison-Wesley,
تاريخ النشر أو التوزيع c2007.
300 ## - الوصف المادى
التعداد xxiii, 691 p. :
تفاصيل ماديه اخرى للوعاء ill. ;
أبعاد الوعاء 25 cm.
440 #4 - بيان السلسلة/مدخل إضافى-العنوان
العنوان The Addison-Wesley object technology series
9 (RLIN) 36414
500 ## - تبصرة عامة
تبصرة عامة Rev. ed. of: Object-oriented analysis and design with applications / Grady Booch, 2nd ed.
504 ## - تبصرة ببليوجرافية
تبصرة ببليوجرافية,الخ Includes bibliographical references (p. 603-675) and index.
650 #0 - المدخل الاضافى بالموضوع-مصطلح موضوعى
مصطلح موضوعي أو اسم جغرافي كعنصر مدخل Object-oriented programming (Computer science)
700 1# - المدخل الاضافى - اسم شخصى
الإسم الشخصى Booch, Grady.
9 (RLIN) 36416
700 1# - المدخل الاضافى - اسم شخصى
الإسم الشخصى Booch, Grady.
عنوان العمل Object-oriented analysis and design with applications.
9 (RLIN) 36678
942 ## - عناصر المدخل الإضافي( كوها)
مصدر التصنيف او مخطط الترفيف Dewey Decimal Classification
Koha [default] item type كتاب
المقتنيات
حالة الفقد نموذج السعر الفعال حالة تلف ليس للاعارة رقم الطلب رقم النسخة تاريخ الاكتساب الموقع الحالي الباركود الفرع الرئيسي Date last seen نوع المادة فى نظام كوها مصدر التصنيف او خطة الترفيف Total Checkouts
  2013-08-23     005.117 OBA 1 2013-08-23 المكتبة المركزية بالمجمعة (CL) 00450764 المكتبة المركزية بالمجمعة (CL) 2013-08-23 كتاب Dewey Decimal Classification  
  2013-08-23     005.117 OBA 2 2013-08-23 المكتبة المركزية بالمجمعة (CL) 00450762 المكتبة المركزية بالمجمعة (CL) 2013-08-23 كتاب Dewey Decimal Classification  
  2013-08-23   Not For Loan 005.117 OBA 3 2013-08-23 المكتبة المركزية بالمجمعة (CL) 00450763 المكتبة المركزية بالمجمعة (CL) 2013-08-23 كتاب Dewey Decimal Classification  
  2013-08-21     005.117 OBA 1 2013-08-21 مكتبة مجمع الكليات بالزلفى - طلاب (SZM) 00450761 مكتبة مجمع الكليات بالزلفى - طلاب (SZM) 2013-08-21 كتاب Dewey Decimal Classification  
  2013-08-21   Not For Loan 005.117 OBA 1 2013-08-21 مكتبة مجمع الكليات بالزلفى - طلاب (SZM) 00450760 مكتبة مجمع الكليات بالزلفى - طلاب (SZM) 2013-08-21 كتاب Dewey Decimal Classification